000 01129nac a22003017a 4500
001 BR6006640
003 BR-BrBNA
005 20250218090100.0
008 230509b bl.|||m| |||| 00| 0 por d
040 _aBR-BrBNA
_bpor
_cBiblioteca Nacional de Agricultura
072 _aD50; E70
090 _a9350 BR6006640
110 1 _aServico de Economia Rural, Rio de Janeiro, GB (Brasil);
_99315
110 1 _aServico de Informacao Agricola, Rio de Janeiro, GB (Brasil)
245 1 _aDecreto n. 12278 de 22 de abril de 1943. Aprova as especificacoes e tabelas para classificacao e fiscalizacao da exportacao de produtos amilaceos-amidos ou feculos tapioca, raspa e farinha de raspa - visando a sua padronizacao
260 3 _aRio de Janeiro, GB (Brasil):
_c1944.
300 _a8 p.
490 _aSIA (Brazil)
_vno. 146
650 _aLegislacao
650 _aComercializacao
650 _aAmido
650 _aFecula
650 _aRaspa
650 _aExportacao
650 _aControle de qualidade
856 _uhttps://repositorio-dspace.agricultura.gov.br/bitstream/1/5963/1/1944%20SIA%20146.pdf
942 _2AGRIS
_n0
_cMS
999 _c262299
_d262299